| 000 | 00573nam a22001815i 4500 | ||
|---|---|---|---|
| 001 | 169115 | ||
| 003 | ES-MaACL | ||
| 005 | 20231223063114.0 | ||
| 008 | 080819s1914 sp |||| | spa d | ||
| 080 | _a39(464.1 M.) | ||
| 100 | 1 |
_aRépide, Pedro de, _d1882-1948 _996267 |
|
| 245 | 1 | 0 |
_aCostumbres y devociones madrileñas / _cPedro de Répide. |
| 260 |
_aMadrid : _bLibrería de la Viuda de Pueyo, _c[1914] |
||
| 300 |
_a202 p. ; _c19 cm. |
||
| 651 | 4 |
_aMadrid- _xUsos y costumbres. _98987 |
|
| 852 |
_aES-MaACL _jF-11508 _9R.143609 |
||
| 999 |
_c169115 _d169115 |
||